000 01816nam a22002177a 4500
005 20211028144116.0
008 211028b ||||| |||| 00| 0 eng d
020 _a9781785152641
040 _cAL
041 _aeng
082 _223
_a813.54
_bPOWB
100 _aRichard Powers
_97434
245 _aBewilderment
260 _aLondon
_bHutchinson Heinemann
_c2021
300 _a278 p.
_bPB
_c23x15 cm.
365 _aBLCR-000062
_b₹559.20
_c
_d₹699.00
_e20%
_f04-10-2021
520 _a'It changed how I thought about the Earth and our place in it. . . . It changed how I see things and that's always, for me, a mark of a book worth reading.' Barack Obama on The Overstory 'Really, just one of the best novels, period.' Ann Patchett on The Overstory 'Breathtaking.' Barbara Kingsolver on The Overstory Picked as one of the 'Best Books of 2021' in the Sunday TimesTheo Byrne is a promising young astrobiologist who has found a way to search for life on other planets dozens of light years away. He is also the widowed father of a most unusual nine-year-old. His son Robin is funny, loving, and filled with plans. He thinks and feels deeply, adores animals, and can spend hours painting elaborate pictures. He is also on the verge of being expelled from third grade, for smashing his friend's face with a metal thermos. What can a father do, when the only solution offered to his rare and troubled boy is to put him on psychoactive drugs? What can he say when his boy comes to him wanting an explanation for a world that is clearly in love with its own destruction? The only thing for it is to take the boy to other planets, while all the while fostering his son's desperate campaign to help save this one.
650 _aContemporary fiction
_97435
700 _aPOWERS (Richard)
_97436
942 _2ddc
_cBK
999 _c219004
_d219004